| 000 | 00569nam a22001815i 4500 | ||
|---|---|---|---|
| 001 | 160119 | ||
| 003 | ES-MaACL | ||
| 005 | 20230906211936.0 | ||
| 008 | 951121s1853 sp |||| | spa d | ||
| 040 |
_aEUS _bspa _cEUS |
||
| 080 | _a821.134.2-14"18" | ||
| 100 | 1 |
_aMora, José Joaquín de ( _d1783-1864) _982860 |
|
| 245 | 1 | 0 |
_aPoesías / _cJosé Joaquín de Mora. |
| 260 |
_aMadrid : _bCalle de Santa Teresa, num. 8 ; _aParis : _bRue de Provence, num, 12, _c1853. |
||
| 300 |
_a557 p. ; _c23 cm. |
||
| 500 | _aIndice. | ||
| 852 |
_aES-MaACL _jF-6511 _z-- Enc. hol. |
||
| 999 |
_c160119 _d160119 |
||